Statistics for Countries crossed by the great circle route between capitals

Click here to take the quiz!

General Stats

  • This quiz has been taken 617 times
  • The average score is 19 of 25

Answer Stats

Capital citiesCrossed countries% Correct
Washington D.C. - BudapestGermany
91%
Washington D.C. - BudapestUnited States
91%
Brasília - NairobiBrazil
90%
Brasília - NairobiDemocratic Republic of the Congo
90%
Washington D.C. - BudapestHungary
90%
Washington D.C. - BudapestUnited Kingdom
90%
Brasília - NairobiKenya
87%
Washington D.C. - BudapestAustria
85%
Washington D.C. - BudapestIreland
85%
Washington D.C. - BudapestNetherlands
82%
Washington D.C. - BudapestCzech Republic
81%
Port Moresby - New DelhiIndia
81%
Washington D.C. - BudapestCanada
79%
Washington D.C. - BudapestSlovakia
79%
Port Moresby - New DelhiIndonesia
75%
Brasília - NairobiTanzania
74%
Brasília - NairobiAngola
73%
Port Moresby - New DelhiPapua New Guinea
73%
Port Moresby - New DelhiThailand
70%
Port Moresby - New DelhiBangladesh
67%
Port Moresby - New DelhiMyanmar
67%
Brasília - NairobiBurundi
64%
Port Moresby - New DelhiVietnam
62%
Port Moresby - New DelhiLaos
58%
Port Moresby - New DelhiPhilippines
48%

Score Distribution

Percentile by Number Answered

Percent of People with Each Score

Your Score History

You have not taken this quiz